<?xml version="1.0" encoding="UTF-8"?><?xml-stylesheet type="text/xsl" href="static/style.xsl"?><OAI-PMH xmlns="http://www.openarchives.org/OAI/2.0/" xmlns:xsi="http://www.w3.org/2001/XMLSchema-instance" xsi:schemaLocation="http://www.openarchives.org/OAI/2.0/ http://www.openarchives.org/OAI/2.0/OAI-PMH.xsd"><responseDate>2026-04-14T13:41:41Z</responseDate><request verb="GetRecord" identifier="oai:uvadoc.uva.es:10324/20587" metadataPrefix="marc">https://uvadoc.uva.es/oai/request</request><GetRecord><record><header><identifier>oai:uvadoc.uva.es:10324/20587</identifier><datestamp>2021-06-29T16:37:53Z</datestamp><setSpec>com_10324_38</setSpec><setSpec>col_10324_852</setSpec></header><metadata><record xmlns="http://www.loc.gov/MARC21/slim" xmlns:doc="http://www.lyncode.com/xoai" xmlns:xsi="http://www.w3.org/2001/XMLSchema-instance" xmlns:dcterms="http://purl.org/dc/terms/" xsi:schemaLocation="http://www.loc.gov/MARC21/slim http://www.loc.gov/standards/marcxml/schema/MARC21slim.xsd">
<leader>00925njm 22002777a 4500</leader>
<datafield tag="042" ind1=" " ind2=" ">
<subfield code="a">dc</subfield>
</datafield>
<datafield tag="720" ind1=" " ind2=" ">
<subfield code="a">Gil González, Pablo</subfield>
<subfield code="e">author</subfield>
</datafield>
<datafield tag="260" ind1=" " ind2=" ">
<subfield code="c">2016</subfield>
</datafield>
<datafield tag="520" ind1=" " ind2=" ">
<subfield code="a">Tradicionalmente el fútbol se ha vinculado al sexo masculino y se ha convertido en uno de los deportes donde los estereotipos de género se hacen más visibles, lo que hace que estos comportamientos se reproduzcan con gran frecuencia durante las clases de Educación Física. Pues bien, el principal objetivo de este trabajo no es otro que el de diseñar una propuesta práctica basada en el juego cooperativo, con el fin de eliminar o, al menos, minimizar los estereotipos de género durante la práctica del futbol. En este sentido, para abordar esta situación he analizado los aspectos más relevantes del juego cooperativo según diferentes autores y las diferentes relaciones de género que se producen en las clases de Educación Física, concretamente durante las sesiones del fútbol como pre - deporte.</subfield>
</datafield>
<datafield tag="024" ind2=" " ind1="8">
<subfield code="a">http://uvadoc.uva.es/handle/10324/20587</subfield>
</datafield>
<datafield ind1=" " ind2=" " tag="653">
<subfield code="a">[Pendiente de asignar]</subfield>
</datafield>
<datafield tag="245" ind1="0" ind2="0">
<subfield code="a">El juego cooperativo como medio para eliminar los estereotipos de género en la práctica de fútbol</subfield>
</datafield>
</record></metadata></record></GetRecord></OAI-PMH>